00722cam a2200265 4500001000700000003000700007005001700014008004100031020004700072040002700119041001300146042000900159066000700168082001100175086001100186100001700197245005500214250001100269260003800280300002100318490003100339500004000370700001400410740003200424632866YEEZEN20260410145109.0191023s2019 ch g 000 fdchi d a9789573334545q(平裝) :c新臺幣420元 aTWNTUbchieccrcTWNTU1 achihjpn anbic c$1 a861.57 a861.571 a東野圭吾10a沉默的遊行 / c東野圭吾作 ; 王蘊潔譯 a初版 a臺北市b皇冠文化c2019.08. a363面c21公分0 a東野圭吾作品集v32. a譯自: 沈黙のパレード1 a王蘊潔0 a沈黙のパレード